000 00601nam a2200217Ia 4500
003 OSt
005 20220923230825.0
006 a|||||r|||| 00| 0
007 ta
008 Pun
024 _a305,865
037 _cTextual
040 _aARTS
_cARTS
_bPun
041 _2Pun
_aPun
082 _aP153, M1
100 _aਗੁਪਤਾ, ਬਲਦੇਵ ਰਾਜ
245 0 _aਭਾFਾ - ਵਿਗਿਆਨ ਤੇ ਪੰਜਾਬੀ ਭਾFਾ ਦੀ ਬਣਤਰ
260 _c1981
942 _hP153, M1
_cTEXL
_2CC
999 _c387652
_d387652